000738519 001__ 738519 000738519 005__ 20260217083813.0 000738519 0247_ $$2ISSN$$a0009-286X 000738519 0247_ $$2ISSN$$a1522-2640 000738519 0247_ $$2doi$$a10.1002/cite.201855281 000738519 0247_ $$2SCOPUS$$aSCOPUS:2-s2.0-85135707978 000738519 037__ $$aRWTH-2018-228241 000738519 041__ $$aGerman 000738519 082__ $$a540 000738519 1001_ $$0P:(DE-82)IDM01403$$aMaßmann, Tim$$b0$$eCorresponding author$$urwth 000738519 1112_ $$aProcessNet‐Jahrestagung und 33. DECHEMA‐Jahrestagung der Biotechnologen$$cAachen$$d2018-09-10 - 2018-09-13$$wGermany 000738519 245__ $$aProcess intensification by integrated hydrophobic biocatalysis and product crystallization$$honline, print 000738519 260__ $$aWeinheim$$bWiley-VCH Verl.$$c2018 000738519 300__ $$a1260-1260 000738519 3367_ $$00$$2EndNote$$aJournal Article 000738519 3367_ $$0PUB:(DE-HGF)1$$2PUB:(DE-HGF)$$aAbstract 000738519 3367_ $$0PUB:(DE-HGF)16$$2PUB:(DE-HGF)$$aJournal Article$$bjournal$$mjournal 000738519 3367_ $$0PUB:(DE-HGF)8$$2PUB:(DE-HGF)$$aContribution to a conference proceedings 000738519 3367_ $$2BibTeX$$aARTICLE 000738519 3367_ $$2DRIVER$$aarticle 000738519 3367_ $$2DataCite$$aOutput Types/Journal article 000738519 3367_ $$2ORCID$$aJOURNAL_ARTICLE 000738519 588__ $$aDataset connected to CrossRef 000738519 591__ $$aGermany 000738519 7001_ $$aOeggl, R.$$b1 000738519 7001_ $$0P:(DE-82)IDM01256$$aJupke, Andreas$$b2$$urwth 000738519 7001_ $$0P:(DE-82)105224$$aRother, Dörte$$b3$$urwth 000738519 770__ $$aSpecial Issue: ProcessNet‐Jahrestagung und 33. DECHEMA‐Jahrestagung der Biotechnologen 2018 000738519 773__ $$0PERI:(DE-600)2035041-7$$a10.1002/cite.201855281$$n9$$pV6.25$$tChemie - Ingenieur - Technik$$v90$$x0009-286X$$y2018 000738519 909CO $$ooai:publications.rwth-aachen.de:738519$$pVDB 000738519 9101_ $$0I:(DE-588b)36225-6$$6P:(DE-82)IDM01403$$aRWTH Aachen$$b0$$kRWTH 000738519 9101_ $$0I:(DE-588b)36225-6$$6P:(DE-82)IDM01256$$aRWTH Aachen$$b2$$kRWTH 000738519 9101_ $$0I:(DE-588b)36225-6$$6P:(DE-82)105224$$aRWTH Aachen$$b3$$kRWTH 000738519 915__ $$0StatID:(DE-HGF)0030$$2StatID$$aPeer Review$$bASC 000738519 915__ $$0StatID:(DE-HGF)0100$$2StatID$$aJCR$$bCHEM-ING-TECH : 2017 000738519 915__ $$0StatID:(DE-HGF)0110$$2StatID$$aWoS$$bScience Citation Index 000738519 915__ $$0StatID:(DE-HGF)0111$$2StatID$$aWoS$$bScience Citation Index Expanded 000738519 915__ $$0StatID:(DE-HGF)0150$$2StatID$$aDBCoverage$$bWeb of Science Core Collection 000738519 915__ $$0StatID:(DE-HGF)0199$$2StatID$$aDBCoverage$$bClarivate Analytics Master Journal List 000738519 915__ $$0StatID:(DE-HGF)0200$$2StatID$$aDBCoverage$$bSCOPUS 000738519 915__ $$0StatID:(DE-HGF)0420$$2StatID$$aNationallizenz 000738519 915__ $$0StatID:(DE-HGF)0600$$2StatID$$aDBCoverage$$bEbsco Academic Search 000738519 915__ $$0StatID:(DE-HGF)1160$$2StatID$$aDBCoverage$$bCurrent Contents - Engineering, Computing and Technology 000738519 915__ $$0StatID:(DE-HGF)9900$$2StatID$$aIF < 5 000738519 9201_ $$0I:(DE-82)416310_20151215$$k416310$$lLehrstuhl für Fluidverfahrenstechnik$$x0 000738519 9201_ $$0I:(DE-82)163920_20180910$$k163920$$lLehr- und Forschungsgebiet für Synthetische Enzymkaskaden (FZ Jülich)$$x1 000738519 9201_ $$0I:(DE-82)160000_20140620$$k160000$$lFachgruppe Biologie$$x2 000738519 9201_ $$0I:(DE-82)161700_20140620$$k161700$$lInstitut für Angewandte Mikrobiologie (Biologie IV)$$x3 000738519 961__ $$c2018-09-19T21:02:55.611370$$x2018-09-19T21:02:55.611370$$z2018-09-20 000738519 980__ $$aI:(DE-82)160000_20140620 000738519 980__ $$aI:(DE-82)163920_20180910 000738519 980__ $$aI:(DE-82)416310_20151215 000738519 980__ $$aUNRESTRICTED 000738519 980__ $$aVDB 000738519 980__ $$aabstract 000738519 980__ $$acontrib 000738519 980__ $$ajournal 000738519 980__ $$aI:(DE-82)161700_20140620